02009nam a2200349 a 450000100100000000500170001000800410002704000250006808200200009310000340011324501130014726000340026030000280029449000690032249000240039150000640041559000760047965000280055565000310058370000400061471000510065483000730070583000310077891000370080904900090084695201330085595201330098895201910112195201970131295201330150999900170164200001116120250924073801.0091014s1985 dr a 001 p spa d aDO-SdBNPbspacBNPHU aRD861.44bS489c1 aSerulle, Haffe,d1947-92295914aLos caminos de la infancia futura :blibro segundo de los caminos /cHaffe Serulle ; prólogo León David. aSanto Domingo :bUASD,c1985. a179 p. :bil. ;c21 cm.1 aPublicaciones de la Universidad Autónoma de Santo Domingov4371 aArte y Sociedadv22 aIncluye datos biográficos del autor en la contracubierta. aPerteneció a la biblioteca personal de Juan Isidro Jimenes Grullón. 0aPoesía dominicana966 0aLiteratura dominicana.9671 aLeón Davidd1945-epról.9849301 aUniversidad Autónoma de Santo Domingo972951 aPublicaciones de la Universidad Autónoma de Santo Domingov437952 0aArte y sociedadv22924375 aValidado. Control de calidad EMS aBNPD 001054708DSaGRbGRcHDd2009-10-14iLF1l0oRD861.44 S489cp11161-30r2020-06-25te. 3w2020-06-25yLFDSZPréstamo en sala 001054708DSaGRbGRcHDd2009-10-14iLF1l0oRD861.44 S489cp11161-40r2020-06-25te. 4w2020-06-25yLFDSZPréstamo en sala 0010718PDaPDbPDcHDd2009-10-14iLF1l0oRD861.44 S489cp11161-10r2020-06-25w2020-06-25yLFPDzPerteneció a la biblioteca personal de Aída Cartagena Portalatín.ZNo se presta 0010718PDaPDbPDcHDd2009-10-14iLF1l0oRD861.44 S489cp11161-20r2020-06-25te. 2w2020-06-25yLFPDzPerteneció a la biblioteca personal de Juan Isidro Jimenes Grullón.ZNo se presta 001054708DSaPDbPDcHDd2011-07-06iLF1l0oRD861.44 S489cp11161-50r2020-06-25te. 5w2020-06-25yLFDSZPréstamo en sala c10886d10886